000 00319nam a2200133 i 4500
001 bg
100 1 _aKIELICH, Stanisław
245 0 _aMolekularna optyka nieliniowa /
_cStanisLaw Kiekich.
260 _aWarszawa,
_c1977.
040 _cBPK
041 _apol
942 _cKS
008 s pl f |000 0 pol
999 _c17191
_d17191
856 _uhttp://koha.tu.koszalin.pl/cgi-bin/koha/opac-detail.pl?biblionumber=17191
_yKatalog online BPK